Fasting for spiritual breakthrough / (Record no. 9979)
[ view plain ]
| 000 -LEADER | |
|---|---|
| fixed length control field | 02174cam a2200361 a 4500 |
| 001 - CONTROL NUMBER | |
| control field | 34322879 |
| 003 - CONTROL NUMBER IDENTIFIER | |
| control field | OCoLC |
| 005 - DATE AND TIME OF LATEST TRANSACTION | |
| control field | 20210208101713.0 |
| 008 - FIXED-LENGTH DATA ELEMENTS--GENERAL INFORMATION | |
| fixed length control field | 960209s1996 caua b 000 0 eng |
| 010 ## - LIBRARY OF CONGRESS CONTROL NUMBER | |
| LC control number | 96004988 |
| 020 ## - INTERNATIONAL STANDARD BOOK NUMBER | |
| International Standard Book Number | 0830718397 |
| 020 ## - INTERNATIONAL STANDARD BOOK NUMBER | |
| International Standard Book Number | 9780830718399 |
| 035 ## - SYSTEM CONTROL NUMBER | |
| System control number | (OCoLC)34322879 |
| Canceled/invalid control number | (OCoLC)993982132 |
| 040 ## - CATALOGING SOURCE | |
| Original cataloging agency | DLC |
| Language of cataloging | eng |
| Transcribing agency | DLC |
| Modifying agency | BAKER |
| -- | BTCTA |
| -- | YDXCP |
| -- | BDX |
| -- | UWT |
| -- | OCLCF |
| -- | NA5 |
| -- | OCLCQ |
| 050 00 - LIBRARY OF CONGRESS CALL NUMBER | |
| Classification number | BV5055 |
| Item number | T747F |
| 082 ## - DEWEY DECIMAL CLASSIFICATION NUMBER | |
| Item number | T747F |
| 090 ## - LOCALLY ASSIGNED LC-TYPE CALL NUMBER (OCLC); LOCAL CALL NUMBER (RLIN) | |
| Classification number (OCLC) (R) ; Classification number, CALL (RLIN) (NR) | BV5055 |
| Local cutter number (OCLC) ; Book number/undivided call number, CALL (RLIN) | T747F |
| 100 1# - MAIN ENTRY--PERSONAL NAME | |
| Personal name | Towns, Elmer L |
| 245 10 - TITLE STATEMENT | |
| Title | Fasting for spiritual breakthrough / |
| Statement of responsibility, etc. | Elmer L. Towns |
| 260 ## - PUBLICATION, DISTRIBUTION, ETC. | |
| Place of publication, distribution, etc. | Ventura, Calif. : |
| Name of publisher, distributor, etc. | Regal Books, |
| Date of publication, distribution, etc. | ©1996 |
| 300 ## - PHYSICAL DESCRIPTION | |
| Extent | 251 pages : |
| Other physical details | illustrations ; |
| Dimensions | 22 cm |
| 336 ## - CONTENT TYPE | |
| Content type term | text |
| Content type code | txt |
| Source | rdacontent |
| 337 ## - MEDIA TYPE | |
| Media type term | unmediated |
| Media type code | n |
| Source | rdamedia |
| 338 ## - CARRIER TYPE | |
| Carrier type term | volume |
| Carrier type code | nc |
| Source | rdacarrier |
| 504 ## - BIBLIOGRAPHY, ETC. NOTE | |
| Bibliography, etc. note | Includes bibliographical references (pages 249-251) |
| 505 0# - FORMATTED CONTENTS NOTE | |
| Formatted contents note | Foreword / William R. Bright -- Introduction: A serious call for a devout return to the discipline of fasting -- The fasts God chooses -- The disciple's fast -- The Ezra fast -- The Samuel fast -- The Samuel fast -- The Elijah fast -- The widow's fast -- The Saint Paul fast -- The Daniel fast -- The John the baptist fast -- The Esther fast -- APPENDICES -- 1. Fasting: Giving our bodies a break -- 2. Fasting: Glossary -- 3. Comments about fasting by Christian leaders -- 4. How to keep a fasting journal -- 5. Biblical references to fasting -- 6. Annotated bibliography |
| 520 ## - SUMMARY, ETC. | |
| Summary, etc. | Discover nine ways to break bondage and get closer to God through fasting. Learn how fasting can strengthen your faith and draw you closer to God, helping you to be a true overcomer in Christ. This book gives you the biblical reasons for fasting, and introduces you to nine biblical fasts - each designed for a specific physical and spiritual outcome. -- cover |
| 650 #0 - SUBJECT ADDED ENTRY--TOPICAL TERM | |
| Topical term or geographic name entry element | Fasting |
| General subdivision | Religious aspects |
| -- | Christianity |
| 650 #0 - SUBJECT ADDED ENTRY--TOPICAL TERM | |
| Topical term or geographic name entry element | Fasting |
| General subdivision | Biblical teaching |
| 856 42 - ELECTRONIC LOCATION AND ACCESS | |
| Materials specified | Contributor biographical information |
| Uniform Resource Identifier | <a href="http://catdir.loc.gov/catdir/enhancements/fy0902/96004988-b.html">http://catdir.loc.gov/catdir/enhancements/fy0902/96004988-b.html</a> |
| 856 42 - ELECTRONIC LOCATION AND ACCESS | |
| Materials specified | Publisher description |
| Uniform Resource Identifier | <a href="http://catdir.loc.gov/catdir/enhancements/fy0902/96004988-d.html">http://catdir.loc.gov/catdir/enhancements/fy0902/96004988-d.html</a> |
| 942 ## - ADDED ENTRY ELEMENTS (KOHA) | |
| Source of classification or shelving scheme | Dewey Decimal Classification |
| Koha item type | Books |
No items available.
